<?xml version='1.0' encoding='UTF-8'?>
  <record xmlns="http://www.loc.gov/MARC21/slim">
    <leader>00000cam a22000007i 4500</leader>
    <controlfield tag="001">ocm65123782</controlfield>
    <controlfield tag="003">OCoLC</controlfield>
    <controlfield tag="005">20251018044634.8</controlfield>
    <controlfield tag="008">891228s1843    ne            000 0 lat d</controlfield>
    <datafield tag="040" ind1=" " ind2=" ">
      <subfield code="a">NLGGC</subfield>
      <subfield code="b">dut</subfield>
      <subfield code="e">fobidrtb</subfield>
      <subfield code="c">NLGGC</subfield>
      <subfield code="d">OCLCO</subfield>
      <subfield code="d">OCLCA</subfield>
      <subfield code="d">OCLCL</subfield>
      <subfield code="d">OCLCQ</subfield>
    </datafield>
    <datafield tag="029" ind1="0" ind2=" ">
      <subfield code="a">NLGGC</subfield>
      <subfield code="b">058885277</subfield>
    </datafield>
    <datafield tag="035" ind1=" " ind2=" ">
      <subfield code="a">(OCoLC)65123782</subfield>
    </datafield>
    <datafield tag="100" ind1="1" ind2=" ">
      <subfield code="a">Heringa, J.</subfield>
      <subfield code="q">(Jodocus),</subfield>
      <subfield code="c">Ez.,</subfield>
      <subfield code="d">1765-1840.</subfield>
      <subfield code="1">https://id.oclc.org/worldcat/entity/E39PCjyMHqpjbX77W9KmW64j83</subfield>
    </datafield>
    <datafield tag="245" ind1="1" ind2="0">
      <subfield code="a">Jodoci Heringa El. fil., ... , Disputatio de codice Boreeliano, nunc Rheno-Trajectino, ab ipso in lucem protracto /</subfield>
      <subfield code="c">ed. Henr. Egb. Vinke.</subfield>
    </datafield>
    <datafield tag="246" ind1="3" ind2=" ">
      <subfield code="a">Disputatio de codice Boreeliano, nunc Rheno-Trajectino</subfield>
    </datafield>
    <datafield tag="260" ind1=" " ind2=" ">
      <subfield code="a">Trajecti ad Rhenum :</subfield>
      <subfield code="b">apud Kemink et Filium,</subfield>
      <subfield code="c">1843.</subfield>
    </datafield>
    <datafield tag="300" ind1=" " ind2=" ">
      <subfield code="a">VIII, 103 p. :</subfield>
      <subfield code="b">ill. ;</subfield>
      <subfield code="c">29 cm.</subfield>
    </datafield>
    <datafield tag="336" ind1=" " ind2=" ">
      <subfield code="a">tekst</subfield>
      <subfield code="b">txt</subfield>
      <subfield code="2">rdacontent/dut</subfield>
    </datafield>
    <datafield tag="337" ind1=" " ind2=" ">
      <subfield code="a">zonder medium</subfield>
      <subfield code="b">n</subfield>
      <subfield code="2">rdamedia/dut</subfield>
    </datafield>
    <datafield tag="338" ind1=" " ind2=" ">
      <subfield code="a">band</subfield>
      <subfield code="b">nc</subfield>
      <subfield code="2">rdacarrier/dut</subfield>
    </datafield>
    <datafield tag="530" ind1=" " ind2=" ">
      <subfield code="a">Titel is geselecteerd voor digitalisering voor de Universiteit van Amsterdam in het kader van het Google Books-project.</subfield>
    </datafield>
    <datafield tag="700" ind1="1" ind2=" ">
      <subfield code="a">Vinke, H.E.</subfield>
      <subfield code="q">(Henricus Egbertus),</subfield>
      <subfield code="d">1794-1862.</subfield>
      <subfield code="1">https://id.oclc.org/worldcat/entity/E39PBJmMYBV8hb6rKXYRGK7rbd</subfield>
    </datafield>
    <datafield tag="758" ind1=" " ind2=" ">
      <subfield code="a">Jodoci Heringa El. Fil. Disputatio de codice Boreeliano, nunc Rheno-Trajectino, ab ipso in lucem protracto (Text)</subfield>
      <subfield code="1">https://id.oclc.org/worldcat/entity/E39PD3PTpbcBWYHV39FmRbcGvw</subfield>
      <subfield code="4">https://id.oclc.org/worldcat/ontology/hasWork</subfield>
    </datafield>
    <datafield tag="776" ind1="0" ind2=" ">
      <subfield code="t">Jodoci Heringa El. fil., ... , Disputatio de codice Boreeliano, nunc Rheno-Trajectino, ab ipso in lucem protracto</subfield>
      <subfield code="w">(NL-LeOCL)396699235</subfield>
    </datafield>
    <datafield tag="936" ind1=" " ind2=" ">
      <subfield code="a">BATCHLOAD</subfield>
    </datafield>
  </record>